MTCP 2016 : Action plan presentations [

Bibliographic Details
Corporate Author: Institut Penilaian Negara
Format: Book
Language:Malay
Published: Kajang : Institut Penilaian Negara , 2015

MARC

LEADER 00000cam a2200000 7i4500
001 0000026953
005 20161006.0
008 161006 my v may
040 |a INS 
090 0 0 |a VCD 2453 
245 0 0 |a MTCP 2016 :   |b Action plan presentations [  |h video recording] :   |b 20 August 2015 
260 |a Kajang :   |b Institut Penilaian Negara ,   |c 2015 
300 |a 2 video disc (3 hours 44minutes ) :   |b sound, color ;   |c 4 3/4 in. 
500 |a Presenter: Azerbaijan, Uzbekistan, Sri Lanka, Solomon Islands, Kenya, Papua New Guinea, Uganda, Brunei, Bangladesh, Zambia, Indonesia, Maldives, Malaysia 
710 1 |a Institut Penilaian Negara 
999 |a VCD0002474   |b DIGITAL VIDEO CD   |c Media Collection   |e Default branch 
999 |a VCD0002475   |b DIGITAL VIDEO CD   |c Media Collection   |e Default branch